All Island Countries in the Caribbean - Statistics

General Stats
  • This quiz has been taken 26 times
  • The average score is 13 of 13
Answer Stats
Answers % Correct
Antigua and Barbuda
100%
Dominica
100%
Dominican Republic
100%
Grenada
100%
Saint Lucia
100%
Saint Vincent and the Grenadines
100%
Trinidad and Tobago
100%
Barbados
96%
Haiti
96%
Jamaica
96%
Saint Kitts and Nevis
92%
Cuba
88%
The Bahamas
88%
No matching quizzes found
Score Distribution
Percent of People with Each Score
Percentile by Number Answered
Your Score History
You have not taken this quiz